000 00924nam a2200277Ia 4500
001 Para_2043
003 CHAP
008 220125s2001 xx 000 0 und d
010 _a200676
040 _cCHAP
090 _aPA TESIS 1538
100 _aDe Loera Barocio, Juan Carlos
_9165557
245 _aMaleza cuarentenada para México de las familias Poaceae, Caryophyllaceae y Polygonaceae /
_c por Juan Carlos De Loera Barocio
260 _aChapingo, Méx. :
_b el autor
300 _a103 h.
502 _aTesis (Ing. Agr. Esp. en Parasitología Agrícola) -- UACh. Departamento Parasitología Agrícola
650 _aMalas hierbas
_x México
_970025
710 _aUACh. Departamento Parasitología Agrícola
_9164025
901 _aPA TESIS 1538
902 _aA
905 _a0000002001 a 0000000000 00
910 _a2001
942 _cPARA
942 _cPARA
_d1
999 _c200676
_d200676